Human molecular genetics (Record no. 64092)
[ view plain ]
| 000 -LEADER | |
|---|---|
| fixed length control field | 00753nam a2200181 a 4500 |
| 008 - FIXED-LENGTH DATA ELEMENTS--GENERAL INFORMATION | |
| fixed length control field | 120416s1996 ||||||||||||||||| || u |
| 020 ## - INTERNATIONAL STANDARD BOOK NUMBER | |
| International Standard Book Number | 1872748694 |
| 050 ## - LIBRARY OF CONGRESS CALL NUMBER | |
| Classification number | QH 431 Str |
| 100 ## - MAIN ENTRY--PERSONAL NAME | |
| Personal name | Strachan, Tom |
| 245 10 - TITLE STATEMENT | |
| Title | Human molecular genetics |
| 260 ## - PUBLICATION, DISTRIBUTION, ETC. | |
| Place of publication, distribution, etc. | Oxford |
| Name of publisher, distributor, etc. | BIOS Scientific |
| Date of publication, distribution, etc. | 1996 |
| 300 ## - PHYSICAL DESCRIPTION | |
| Extent | xiv, 611p.: ill. |
| 350 ## - | |
| -- | 0.00 |
| 650 #0 - SUBJECT ADDED ENTRY--TOPICAL TERM | |
| Topical term or geographic name entry element | GENETICS |
| 650 ## - SUBJECT ADDED ENTRY--TOPICAL TERM | |
| Topical term or geographic name entry element | HUMAN GENETICS |
| 995 ## - | |
| -- | MEDICAL LIBRARY OPEN ACCESS |
| -- | 0.00 |
| -- | 731700 |
| -- | CBU-SCHOOL OF MEDICINE LIBRARY (Ndola) |
| -- | 1 |
| -- | 40.00 |
| -- | QH 431 Str |
| -- | 1 |
| -- | AVAILABLE |
| -- | 029403 |
| -- | Medical Library Open Access Collection |
| 995 ## - | |
| -- | MEDICAL LIBRARY OPEN ACCESS |
| -- | 0.00 |
| -- | 731699 |
| -- | CBU-SCHOOL OF MEDICINE LIBRARY (Ndola) |
| -- | 2 |
| -- | 40.00 |
| -- | QH 431 Str |
| -- | 2 |
| -- | AVAILABLE |
| -- | 029402 |
| -- | Medical Library Open Access Collection |
| 999 ## - | |
| -- | 64092 |
| -- | 64092 |
| Withdrawn status | Lost status | Source of classification or shelving scheme | Damaged status | Not for loan | Permanent Location | Current Location | Shelving location | Date acquired | Total Checkouts | Full call number | Barcode | Date last seen | Copy number | Price effective from | Koha item type |
|---|---|---|---|---|---|---|---|---|---|---|---|---|---|---|---|
| CBU-SCHOOL OF MEDICINE LIBRARY, NDOLA. | CBU-SCHOOL OF MEDICINE LIBRARY, NDOLA. | 02/09/2023 | QH 431 Str | 029403 | 02/09/2023 | 1 | 02/09/2023 | MONOGRAPH | |||||||
| CBU-SCHOOL OF MEDICINE LIBRARY, NDOLA. | CBU-SCHOOL OF MEDICINE LIBRARY, NDOLA. | 02/09/2023 | QH 431 Str | 029402 | 02/09/2023 | 2 | 02/09/2023 | MONOGRAPH |